000 nam a22 a 4500
999 _c4340
_d4340
003 AKMAL
005 20170529092932.0
008 170529s2009 my | e l 000 0 may d
020 _a9789678920490 (kkt.)
082 0 4 _a345.595064 MAL
_222
090 0 0 _a345.595064
_bMAL
110 1 _aMalaysia
_9400
245 1 0 _aAkta Identifikasi Asid Deoksiribonukleik (DNA) 2009 (Akta 699) =
_bDeoxyribonucleic Acid (DNA) Identification Act 2009 (Act 699) : hingga 1hb Disember 2009 /
_cdisusun oleh : Lembaga Penyelidikan Undang-Undang
246 3 1 _aDeoxyribonucleic Acid (DNA) Identification Act 2009 (Act 699)
260 _aPetaling Jaya :
_bInternational Law Book Services,
_c2009
300 _a46ms. ;
_c24cm.
490 1 _aUndang-undang Malaysia
546 _aTeks bahasa Malaysia dan Inggeris
650 1 0 _aDNA data banks
_xLaw and legislation
_zMalaysia
_98454
650 2 0 _aDNA
_zMalaysia
_98455
710 2 _aLembaga Penyelidikan Undang-Undang
_98456
830 0 _aUNDANG-UNDANG MALAYSIA
_98457
942 _2ddc
_cBOOK